The Impossible Quiz - Statistics

General Stats
  • This quiz has been taken 2,707 times
    2,568 since last reset
  • The average score is 2 of 14
Answer Stats
Hint Answer % Correct
Type The Alphabet abcdefghijklmnopqrstuvwxyz
79%
Now type it again QWERTY qwertyuiopasdfghjklzxcvbnm
42%
Type 1-10 1-10
21%
How may eyes does a fish have? 2
18%
now type 10 to 1 10987654321
14%
Is this the last question? Yes
9%
Are you bored yet? No
8%
Type the answer the answer
6%
What is this quiz called? The impossible quiz
6%
What is the beginning of eternity and the end of time? The letter E
6%
what weighs more 11kg of feathers or 10kg of cement 11kg of feathers
4%
What is the answer to almost everything? 42
3%
1+1=? a window
2%
What is at the end of the rainbow? Nothing
2%
No matching quizzes found
Score Distribution
Percent of People with Each Score
Percentile by Number Answered
Your Score History
You have not taken this quiz since the last reset